000 00237nam a2200097Ia 4500
008 230915s9999 xx 000 0 und d
050 _aTR222.D38.2001
100 _aADRIAN DAVIES
245 0 _aDIGITAL IMAGING FOR PHOTOGRAPHS
942 _cBK
999 _c63330
_d63330